书目信息 |
| 题名: |
黄酒生产工艺
|
|
| 作者: | 周家骐 主编 | |
| 分册: | ||
| 出版信息: | 北京 中国轻工业出版社 1996 |
|
| 页数: | 236页 | |
| 开本: | 26cm | |
| 丛书名: | ||
| 单 册: | ||
| 中图分类: | TS262.4 | |
| 科图分类: | 83.6261 | |
| 主题词: | 黄酒--生产工艺--技工学校--教材 | |
| 电子资源: | ||
| ISBN: | 7-5019-1932-1 | |
| 000 | 00718n|m0 2200253 450 | |
| 001 | 0102683911 | |
| 005 | 20121116170000.0 | |
| 010 | @a7-5019-1932-1@dCNY36.00 | |
| 011 | @a7-5019-1932-1 | |
| 100 | @a20021005d1996 em y0chiy0110 ea | |
| 101 | 0 | @achi |
| 102 | @aCN@b110000 | |
| 105 | @ay z 000yy | |
| 135 | @adrbn ---auuuu | |
| 200 | 1 | @a黄酒生产工艺@9Huang Jiu Sheng Chan Gong Yi @f周家骐主编@b电子资源.图书 |
| 210 | @a北京@c中国轻工业出版社@d1996 | |
| 215 | @a236页@d26cm | |
| 325 | @a电子复制品 | |
| 606 | 0 | @a黄酒@x生产工艺@x技工学校@x教材 |
| 690 | @aTS262.4@v3 | |
| 692 | @a83.6261 | |
| 701 | 0 | @a周家骐@9zhou jia qi@4主编 |
| 801 | 0 | @aCN@bAZmarc@c20230904 |
| 905 | @dTS262.4@e2@f5@sTS262.4/2@aBZT | |
| 黄酒生产工艺/周家骐主编[电子资源.图书].-北京:中国轻工业出版社,1996 |
| 236页;26cm |
| ISBN 7-5019-1932-1:CNY36.00 |
| ● |
| 相关链接 |
|
|
|
正题名:黄酒生产工艺
索取号:TS262.4/2
 
预约/预借
| 序号 | 登录号 | 条形码 | 馆藏地/架位号 | 状态 | 备注 |
| 1 | 2000141066 | 2000141066 | 旧书回溯/ [索取号:TS262.4/2] | 在馆 | |
| 2 | 2000141067 | 2000141067 | 旧书回溯/ [索取号:TS262.4/2] | 在馆 | |
| 3 | 2000141068 | 2000141068 | 旧书回溯/ [索取号:TS262.4/2] | 在馆 | |
| 4 | 2000141069 | 2000141069 | 旧书回溯/ [索取号:TS262.4/2] | 在馆 | |
| 5 | 2000141070 | 2000141070 | 旧书回溯/ [索取号:TS262.4/2] | 在馆 |